书目信息 |
| 题名: |
公司法前沿问题研究
|
|
| 作者: | 朱锦清 著 | |
| 分册: | ||
| 出版信息: | 杭州 浙江大学出版社 2014 |
|
| 页数: | 305页 | |
| 开本: | 24cm | |
| 丛书名: | ||
| 单 册: | ||
| 中图分类: | D922.291.914 | |
| 科图分类: | ||
| 主题词: | 公司法--研究--中国 | |
| 电子资源: | ||
| ISBN: | 978-7-308-12880-3 | |
| 000 | 00885nam0 2200229 450 | |
| 001 | 523 | |
| 005 | 20140908081640.57 | |
| 010 | @a978-7-308-12880-3@dCNY60.00 | |
| 100 | @a20140701d2014 em y0chiy50 ea | |
| 101 | 0 | @achi |
| 102 | @aCN@b330000 | |
| 105 | @ay z 001yy | |
| 106 | @ar | |
| 200 | 1 | @a公司法前沿问题研究@AGong Si Fa Qian Yan Wen Ti Yan Jiu@f朱锦清著@FZhu Jin Qing Zhu |
| 210 | @a杭州@c浙江大学出版社@d2014 | |
| 215 | @a305页@d24cm | |
| 330 | @a本书对公司的起源、财务、资本、经营范围、有限责任、控制等多方面的问题进行系统研究,并对各种企业形式进行比较。内容包括公司与公司法、公司证券、公司会计、公司资本研究、设立公司、有限责任与刺穿公司面纱、经营范围、公司机构与权力分配、商法总论。 | |
| 606 | 0 | @a公司法@x研究@y中国 |
| 690 | @aD922.291.914@v5 | |
| 701 | 0 | @a朱锦清@AZhu Jin Qing@4著 |
| 801 | 0 | @aCN@bTANGWEI@c20140603 |
| 905 | @b0837751-53@dD922.291.914@e1118@f3 | |
| 公司法前沿问题研究/朱锦清著.-杭州:浙江大学出版社,2014 |
| 305页;24cm |
| ISBN 978-7-308-12880-3:CNY60.00 |
| 本书对公司的起源、财务、资本、经营范围、有限责任、控制等多方面的问题进行系统研究,并对各种企业形式进行比较。内容包括公司与公司法、公司证券、公司会计、公司资本研究、设立公司、有限责任与刺穿公司面纱、经营范围、公司机构与权力分配、商法总论。 |
| ● |
| 相关链接 |
|
|
|
|
正题名:公司法前沿问题研究
索取号:D922.291.914/1118
 
预约/预借
| 序号 | 登录号 | 条形码 | 馆藏地/架位号 | 状态 | 备注 |
| 1 | 0837751 | 208377512 | 第一样本阅览室/ [索取号:D922.291.914/1118] | 在馆 | |
| 2 | 0837752 | 208377521 | 密集书库-史法系/ [索取号:D922.291.914/1118] | 在馆 | |
| 3 | 0837753 | 208377530 | 第一借阅区/ [索取号:D922.291.914/1118] | 在馆 |